1635 1252 1891 1738 1138 1588 1482 1768 1628 1936 1939 1693 1452 1346 1107 1807 1573 1426 1569 1445 1553 1416 1840 1175 1745 1704 1615 1059 1069 1022 1205 1920 1889 1241 1509 1164 1719 1095 1764 1026 1383 1192 1128 1065 1657 1374 1918 1641 1638 1264 1569 1208 1009 1847 1576 1282 1604 1958 1727 1929 1111 1246 1596 1836 1769 1380 1528 1626 1892 1310 1345 1426 1067 1680 1406 1178 1912 1546 1311 1741 1480 1418 1710 1545 1516 1069 1447 1810 1879 1308 1098 1802 1911 1518 1730 1302 1381 1218 1765 BCNSPRNW ULIB Ver.6.0+V

เปลี่ยนเป็นภาษาไทย

Change to English
 แสดงรายละเอียดบรรณานุกรม
  กลับหน้าหลัก

Brief Record : Get Marc (ISO 2709) : E-mail record : QR code < ปิดหน้าต่าง
LEADER : 00000nam 2200000uu 4500
001    13399126264
003     ULIB
008    180827s2560||||th 000 0 tha d
020    ^a9786161128760
040    ^abrv
060 04 ^aWA100^bน135ก
100 0  ^aนงณภัทร รุ่งเนย
245 10 ^aการประเมินสุขภาพแบบองค์รวม =^bHealth assessment : a holisticapproach /^cนงณภัทร รุ่งเนย
246 31 ^aHealth assessment : a holistic approach
250    ^aพิมพ์ครั้งที่ 2
260    ^aนนทบุรี :^bโครงการสวัสดิการวิชาการ สถาบันพระบรมราชชนกกระทรวงสาธารณสุข,^c2560
300    ^a207 หน้า :^bภาพประกอบ ;^c26 ซม.
650  4 ^aการประเมินทางการพยาบาล
650  4 ^aภาวะสุขภาพ
650  4 ^aอนามัย
653    ^aการประเมินสุขภาพทางการแพทย์
945    ^p230^l0^i26462
945    ^p230^l0^i26465
945    ^p230^l0^i26460
945    ^p230^l0^i26461
945    ^p230^l0^i26456
945    ^p230^l0^i26457
945    ^p230^l0^i26458
945    ^p230^l0^i26459
945    ^p230^l0^i26463
945    ^p230^l0^i26464
995    ^aกัณชพร
999    ^aกัณชพร
รายการนี้ยังไม่มีแท็ก
คุณยังไม่ได้ล็อกอิน คุณสามารถมีกิจกรรมร่วมกับเว็บไซต์ได้ แต่ต้องล็อกอินก่อน ::
  ล็อกอิน

รายการสื่อสารสนเทศ

ลำดับที่ ประเภท เลขเรียก/บาร์โค้ด สถานที่ สถานะ
1. วิทยาศาสตร์การแพทย์ และสุขภาพ
วิทยาศาสตร์การแพทย์ และสุขภาพ
WA100 น135ก ฉ.1 
  Barcode: 26456
ห้องสมุดวิทยาเขตสวรรค์ประชารักษ์
►หนังสือทั่วไป
บนชั้น
2. วิทยาศาสตร์การแพทย์ และสุขภาพ
วิทยาศาสตร์การแพทย์ และสุขภาพ
WA100 น135ก ฉ.10 
  Barcode: 26464
ห้องสมุดวิทยาเขตสวรรค์ประชารักษ์
►หนังสือทั่วไป
บนชั้น
3. วิทยาศาสตร์การแพทย์ และสุขภาพ
วิทยาศาสตร์การแพทย์ และสุขภาพ
WA100 น135ก ฉ.2 
  Barcode: 26457
ห้องสมุดวิทยาเขตสวรรค์ประชารักษ์
►หนังสือทั่วไป
บนชั้น
4. วิทยาศาสตร์การแพทย์ และสุขภาพ
วิทยาศาสตร์การแพทย์ และสุขภาพ
WA100 น135ก ฉ.3 
  Barcode: 26458
ห้องสมุดวิทยาเขตสวรรค์ประชารักษ์
►หนังสือทั่วไป
บนชั้น
5. วิทยาศาสตร์การแพทย์ และสุขภาพ
วิทยาศาสตร์การแพทย์ และสุขภาพ
WA100 น135ก ฉ.4 
  Barcode: 26459
ห้องสมุดวิทยาเขตสวรรค์ประชารักษ์
►หนังสือทั่วไป
บนชั้น
6. วิทยาศาสตร์การแพทย์ และสุขภาพ
วิทยาศาสตร์การแพทย์ และสุขภาพ
WA100 น135ก ฉ.5 
  Barcode: 26460
ห้องสมุดวิทยาเขตสวรรค์ประชารักษ์
►หนังสือทั่วไป
บนชั้น
7. วิทยาศาสตร์การแพทย์ และสุขภาพ
วิทยาศาสตร์การแพทย์ และสุขภาพ
WA100 น135ก ฉ.6 
  Barcode: 26461
ห้องสมุดวิทยาเขตสวรรค์ประชารักษ์
►หนังสือทั่วไป
บนชั้น
8. วิทยาศาสตร์การแพทย์ และสุขภาพ
วิทยาศาสตร์การแพทย์ และสุขภาพ
WA100 น135ก ฉ.7 
  Barcode: 26465
ห้องสมุดวิทยาเขตสวรรค์ประชารักษ์
►หนังสือทั่วไป
บนชั้น
9. วิทยาศาสตร์การแพทย์ และสุขภาพ
วิทยาศาสตร์การแพทย์ และสุขภาพ
WA100 น135ก ฉ.8 
  Barcode: 26462
ห้องสมุดวิทยาเขตสวรรค์ประชารักษ์
►หนังสือทั่วไป
บนชั้น
10. วิทยาศาสตร์การแพทย์ และสุขภาพ
วิทยาศาสตร์การแพทย์ และสุขภาพ
WA100 น135ก ฉ.9 
  Barcode: 26463
ห้องสมุดวิทยาเขตสวรรค์ประชารักษ์
►หนังสือทั่วไป
บนชั้น

รายการใกล้เคียง
    ผู้แต่ง [นงณภัทร รุ่งเนย]

    หัวเรื่อง [การประเมินทางการพยาบาล]
    หัวเรื่อง [ภาวะสุขภาพ]
    หัวเรื่อง [อนามัย]

BibComment


ยังไม่เคยถูกคอมเมนท์

คอมเมนท์ทรัพยากรรายการนี้
  คอมเมนท์: การประเมินสุขภาพ..


 Copyright 2026. Bcnsprnw @Library